| 000 | 01305nam a2200337 i 4500 | ||
|---|---|---|---|
| 003 | EG-ScBUE | ||
| 005 | 20231219093839.0 | ||
| 008 | 100711s1994 ua a f b 000 0 ara d | ||
| 017 | _a94 / 8284 | ||
| 020 | _a9770902268 | ||
| 040 |
_aEG-ScBUE _bara _erda _cEG-ScBUE _dEG-ScBUE |
||
| 043 | _af-ua--- | ||
| 082 | 0 | 4 |
_222 _a962.02 _bق ا س |
| 100 | 1 |
_916169 _aقاسم، عبده قاسم، _eمؤلف. |
|
| 245 | 1 | 0 |
_aعصر سلاطين المماليك / _cد. قاسم عبده قاسم. |
| 250 | _aالطبعة الأولى. | ||
| 264 | 1 |
_aالقاهرة : _bدار الشروق، _c1994. |
|
| 300 |
_a199 صفحة : _bإيضاحيات ؛ _c24 سم. |
||
| 336 |
_2rdacontent _aنص _btxt |
||
| 337 |
_2rdamedia _aبدون وسيط _bn |
||
| 338 |
_2rdacarrier _aمجلد _bnc |
||
| 490 | 0 | _aدراسات في تاريخ مصر الاجتماعي | |
| 504 | _aيشتمل على إرجاعات ببليوجرافية. | ||
| 541 |
_aألف باء ؛ _cشراء ؛ |
||
| 650 | 7 |
_aالمماليك. _2BUEsh |
|
| 651 | 7 |
_aمصر _xتاريخ _yعصر المماليك (1250-1517 م.). _2BUEsh |
|
| 651 | 7 |
_aمصر _xأحوال اجتماعية _yعصر المماليك (1250-1517 م.). _2BUEsh |
|
| 653 |
_bGGEN _cNovember2022 |
||
| 655 | _vReading book | ||
| 942 |
_2ddc _cBB |
||
| 999 |
_c14458 _d14458 |
||